000 00723nam a2200289Ia 4500
005 20260324131020.0
008 008 260324s9999 xx 000 0 eng d
020 _a9780203480298
037 _aEBOOK
040 _aCRL
040 _beng
040 _cCRL
041 _2eng
041 _aeng
084 _qCRL
100 _aMarkus Daechsel
_91183899
245 4 _aThe Politics of Self-Expression
245 4 _bThe Urdu Middleclass Milieu in Mid-Twentieth Century India and Pakistan
260 _bTaylor and Francis
260 _c2006
365 _a
365 _b240
856 _uhttp://www.taylorfrancis.com/books/9780203480298
942 _cEBOOK
999 _c1780691
_d1780691